Grandes figuras del pensamiento norteamericano
Gorde:
| Egile nagusia: | |
|---|---|
| Formatua: | Liburua |
| Hizkuntza: | Undetermined |
| Argitaratua: |
Buenos Aires, Argentina
EDISAR
1976
|
| Gaiak: | |
| Etiketak: |
Etiketa erantsi
Etiketarik gabe, Izan zaitez lehena erregistro honi etiketa jartzen!
|
MARC
| LEADER | 00000nam a2200000Ia 4500 | ||
|---|---|---|---|
| 008 | 170316s9999 xx 000 0 und d | ||
| 040 | |a cru BVZT | ||
| 090 | |a A-810 R-3g | ||
| 100 | |a Ross, Ralph | ||
| 245 | |a Grandes figuras del pensamiento norteamericano | ||
| 260 | |a Buenos Aires, Argentina | ||
| 260 | |b EDISAR | ||
| 260 | |c 1976 | ||
| 300 | |a 303 páginas | ||
| 650 | |a LITERATURA ESTADOUNIDENSE | ||
| 650 | |a ANTOLOGÍA | ||
| 999 | |c 12307 |d 12307 | ||
| 942 | |c 15 D |h A-810 R-3g |2 z | ||
